| 000 | 00883nam a22002415i 4500 | ||
|---|---|---|---|
| 001 | 165759 | ||
| 003 | ES-MaACL | ||
| 005 | 20250520160738.0 | ||
| 008 | 050906s1872 fr | |||||||| ||fre d | ||
| 040 |
_aCAM _bspa _cCAM |
||
| 100 | 0 |
_aStendhal, _d1783-1842 _9108086 |
|
| 245 | 1 | 0 |
_aVies de Haydn, de Mozart et de Métastase / _cpar de Stendhal. |
| 250 | _aNouvelle éd. ent. revue. | ||
| 260 |
_aParis : _bMichel Lévy Frères, _c1872 ( _eClichy : _fImp. Paul Dupont et Cie.) |
||
| 300 |
_a341 p. ; _c19 cm. |
||
| 490 | 1 | _aOeuvres complètes de Stendhal | |
| 600 | 0 |
_aMozart, Wolfgang Amadeus, _d1756-1791- _xBiografías _9223460 |
|
| 600 | 1 | 4 |
_aHaydn, Joseph- _xBiografías. _9127822 |
| 600 | 1 | 4 |
_aMetastasio, Pietro, _d1698-1782 _980719 |
| 830 | 0 |
_aOeuvres complètes de Stendhal _9188568 |
|
| 852 |
_aES-MaACL _jB-3208(2) _z-- Enc. hol. |
||
| 999 |
_c165759 _d165759 |
||